Nihon kakumei no tenbō; kōryō mondai hōkoku ronbunshū,

Saved in:
Bibliographic Details
Main Author: Miyamoto, Kenji, 1908-2007.
Format: Book
Language:Japanese
Published: Tōkyō, Nihon Kyōsantō Chūō Iinkai Shuppanbu, Shin Nihon Shuppansha hatsubai [1968]
Series:Shin Nihon shinsho
Subjects:
Tags: Add Tag
No Tags, Be the first to tag this record!
LEADER 00979nam a2200241u 4500
001 007742449-2
005 20024617115958.0
008 900213s1968 ja 000 0 jpn d
035 0 |a ocm21055810 
040 |a MiEM  |c MiEM  |d MoSW  |d *YNH*  |d CStRLIN 
100 1 |6 880-01  |a Miyamoto, Kenji,  |d 1908-2007. 
245 1 0 |6 880-02  |a Nihon kakumei no tenbō;  |b kōryō mondai hōkoku ronbunshū,  |c Miyamoto Kenji cho. 
260 |6 880-03  |a Tōkyō,  |b Nihon Kyōsantō Chūō Iinkai Shuppanbu,  |b Shin Nihon Shuppansha hatsubai  |c [1968] 
300 |a 2 v. in 1.  |c 18 cm. 
490 0 |6 880-04  |a Shin Nihon shinsho 
610 2 0 |6 880-05  |a Nihon Kyōsantō. 
880 1 |6 100-01  |a 宮本顕治,  |d 1908- 
880 1 0 |6 245-02  |a 日本革命の展望;  |b 綱領問題報告論文集,  |c 宮本顕治著. 
880 |6 260-03  |a 東京,  |b 日本共産党中央委員会出版部,  |b 新日本出版社発売  |b [1968] 
880 0 |6 490-04  |a 新日本新書 
880 2 0 |6 610-05  |a 日本共産党. 
988 |a 20021214 
906 |0 OCLC